Indian economy : (Record no. 9883)

MARC details
000 -LEADER
fixed length control field 00466cam a2200193ua 4500
001 - CONTROL NUMBER
control field 10982
005 - DATE AND TIME OF LATEST TRANSACTION
control field 20260515114701.0
008 - FIXED-LENGTH DATA ELEMENTS--GENERAL INFORMATION
fixed length control field 190706n ii |||gr||||Z||||||eng
020 ## - INTERNATIONAL STANDARD BOOK NUMBER
International Standard Book Number 9789386053411
040 ## - CATALOGING SOURCE
Transcribing agency MAIN
082 ## - DEWEY DECIMAL CLASSIFICATION NUMBER
Classification number 330.954
100 ## - MAIN ENTRY--PERSONAL NAME
Personal name S K Mishra,
Relator term Author.
245 ## - TITLE STATEMENT
Title Indian economy :
Remainder of title Part -II /
Statement of responsibility, etc. By S K Mishra .
250 ## - EDITION STATEMENT
Remainder of edition statement v.II.
260 ## - PUBLICATION, DISTRIBUTION, ETC.
Place of publication, distribution, etc. New Delhi:
Name of publisher, distributor, etc. Wisdom press,
Date of publication, distribution, etc. 2018.
300 ## - PHYSICAL DESCRIPTION
Extent 270p.
653 ## - INDEX TERM--UNCONTROLLED
Uncontrolled term Economics
942 ## - ADDED ENTRY ELEMENTS (KOHA)
Koha item type Books
Holdings
Withdrawn status Lost status Damaged status Not for loan Home library Current library Shelving location Date acquired Total checkouts Full call number Barcode Date last seen Date last checked out Copy number Price effective from Koha item type
        Naharkatiya College Library Naharkatiya College Library General stacks 09/19/2020 2 330.954Indian economy | MIS 26492 08/27/2024 05/11/2023 1 09/19/2020 Books